[Event "Challenge"]
[Site "http://www.queenalice.com/game.php?id=586024"]
[Date "2009.5.10"]
[Round "-"]
[White "loulou429"]
[Black "mandacaru"]
[Result "0-1"]
[WhiteElo "1596"]
[BlackElo "1541"]

1. e4 e5 2. Nf3 d6 3. Bc4 a6 4. Nc3 Nc6 5. h4 Bg4 6. Bd5 Nge7 7. Qe2 Nd4 8. Qe3
Nxc2+ 9. Ke2 Nxe3 10. Kxe3 c6 11. Bb3 g6 12. Ng5 h6 13. Nxf7 Qb6+ 0-1

[Event "Challenge"]
[Site "http://www.queenalice.com/game.php?id=586025"]
[Date "2009.5.10"]
[Round "-"]
[White "mandacaru"]
[Black "loulou429"]
[Result "0-1"]
[WhiteElo "1563"]
[BlackElo "1576"]

1. e4 e5 2. Nf3 Nc6 3. Bb5 Nf6 4. Bxc6 bxc6 5. Nxe5 Nxe4 6. Qf3 Ng5 7. Qb3 Bd6
8. d4 O-O 9. O-O Bxe5 10. Bxg5 Bf6 11. Bxf6 Qxf6 12. d5 cxd5 13. Qxd5 c6 14. Qb3
Ba6 15. Rd1 d5 16. Na3 Rab8 17. Qa4 Rb6 18. b4 Rfb8 19. Rab1 Qe7 20. Re1 Qd6 21.
b5 cxb5 22. Nxb5 Bxb5 23. Rxb5 Rxb5 24. Qxb5 Rxb5 25. g3 g6 26. Rd1 Rb2 27. c4
Qc5 0-1

[Event "Challenge"]
[Site "http://www.queenalice.com/game.php?id=588878"]
[Date "2009.5.15"]
[Round "-"]
[White "EliasOliveira28"]
[Black "mandacaru"]
[Result "1-0"]
[WhiteElo "1834"]
[BlackElo "1563"]

1. e4 e5 2. Nf3 d6 3. Bc4 Nf6 4. Nc3 a6 5. d4 b5 6. Bd5 Nxd5 7. Nxd5 c6 8. Ne3
exd4 9. Nxd4 c5 10. Nf3 Qa5+ 11. Bd2 b4 12. Nd5 c4 13. Bxb4 Qb5 14. Nc7+ Kd8 15.
Nxb5 axb5 16. Bxd6 Bxd6 17. Qxd6+ Bd7 18. Ne5 Ke8 19. O-O-O Ra6 20. Qxb8+ 1-0

[Event "1x1 -> Mais uma ?"]
[Site "http://www.queenalice.com/game.php?id=590728"]
[Date "2009.5.19"]
[Round "-"]
[White "pabloitu"]
[Black "mandacaru"]
[Result "0-1"]
[WhiteElo "1422"]
[BlackElo "1593"]

1. e4 e5 2. Qf3 Nf6 3. Qg3 Nc6 4. Nc3 Nd4 5. Qxe5+ Ne6 6. d3 Ng4 7. Qg3 Nd4 8.
Kd1 d5 9. exd5 Bb4 10. Be3 Nf5 11. Qf4 Nfh6 12. Nb5 Bd6 13. Qd4 Nf5 14. Qe4+ Be7
15. Qxg4 Nxe3+ 16. fxe3 Bxg4+ 17. Be2 Bxe2+ 18. Nxe2 a6 19. Nbd4 Qxd5 20. Nf4
Qe5 21. Re1 Qg5 22. g3 Qg4+ 23. Re2 c5 24. h3 Qxg3 25. Nf5 Qg5 26. Nxe7 Kxe7 27.
Rg2 Qe5 28. c4 Kd7 29. b4 Qxe3 30. Nh5 Qf3+ 31. Re2 Rae8 32. Nf4 Qxf4 33. bxc5
Qf1+ 34. Kd2 Rxe2+ 35. Kc3 Qxa1+ 0-1

[Event "Challenge"]
[Site "http://www.queenalice.com/game.php?id=597500"]
[Date "2009.6.2"]
[Round "-"]
[White "knight401"]
[Black "mandacaru"]
[Result "0-1"]
[WhiteElo "1587"]
[BlackElo "1574"]

1. e4 e5 2. Nf3 d6 3. h3 Nf6 4. d3 Nc6 5. Nbd2 d5 6. Be2 dxe4 7. dxe4 Bb4 8. c3
Ba5 9. Qc2 a6 10. O-O O-O 11. Nc4 b5 12. Ncxe5 Nxe5 13. Nxe5 Nxe4 14. Qxe4 Be6
15. Nc6 Bd5 16. Qxh7+ Kxh7 17. Nxd8 Raxd8 18. b3 Bxc3 19. Bd3+ g6 20. Rb1 Be6
21. Rd1 Be5 22. Bb2 Rd5 23. Rd2 Bf4 0-1

[Event "Challenge"]
[Site "http://www.queenalice.com/game.php?id=777634"]
[Date "2010.5.19"]
[Round "-"]
[White "mandacaru"]
[Black "assinho"]
[Result "0-1"]
[WhiteElo "1515"]
[BlackElo "1590"]

1. e4 e6 2. d4 d5 3. e5 c5 4. c3 Nc6 5. Bb5 Bd7 6. Bxc6 Bxc6 7. dxc5 Bxc5 8. b4
Bb6 9. a4 Qh4 10. g3 Qe4+ 11. Qe2 Qxh1 12. Kf1 d4 13. b5 Bg2+ 14. Ke1 Qxg1+ 15.
Kd2 dxc3+ 16. Kc2 Qh1 17. a5 Bd4 18. b6 axb6 19. Qb5+ Bc6 20. Qb4 Qe4+ 21. Kd1
Qf3+ 22. Kc2 Be4+ 23. Kb3 Qd1+ 24. Kc4 Bd5+ 25. Kb5 Qd3+ 26. Ka4 Rxa5+ 0-1

[Event "Challenge"]
[Site "http://www.queenalice.com/game.php?id=777643"]
[Date "2010.5.19"]
[Round "-"]
[White "mandacaru"]
[Black "Balrog"]
[Result "0-1"]
[WhiteElo "1602"]
[BlackElo "1906"]

1. e4 e5 2. Nf3 Nc6 3. Bb5 d6 4. d4 Bd7 5. Bxc6 Bxc6 6. d5 Bd7 7. O-O Bg4 8. h3
Bh5 9. g4 Bg6 10. Nc3 Be7 11. g5 Bh5 12. Qd3 Bxf3 13. Qxf3 Bxg5 14. Bxg5 Qxg5+
15. Qg3 h6 16. Nb5 Kd8 17. Kg2 Nf6 18. h4 Qg6 19. f4 Nxe4 20. Qxg6 fxg6 21. fxe5
a6 22. Kf3 Nd2+ 23. Kg4 Nxf1 24. Rxf1 axb5 25. a3 dxe5 26. Rf7 Ra4+ 27. Kg3 Rg8
28. d6 Rc4 29. c3 b6 30. dxc7+ Rxc7 31. Rf4 exf4+ 0-1

[Event "AUTO-INT-1703"]
[Site "http://www.queenalice.com/game.php?id=777701"]
[Date "2010.5.19"]
[Round "1"]
[White "mateusamorim96"]
[Black "mandacaru"]
[Result "1-0"]
[WhiteElo "1708"]
[BlackElo "1562"]

1. d4 d5 2. Bf4 Nc6 3. Nf3 Bg4 4. e3 e6 5. a3 h5 6. c4 g5 7. Be5 Nxe5 8. dxe5
dxc4 9. Qa4+ c6 10. Qxc4 Bxf3 11. gxf3 Qd5 12. Qxd5 exd5 13. h4 Bg7 14. f4 g4
15. Rg1 f6 16. f3 f5 17. Nd2 b5 18. Rc1 Ne7 19. Kf2 a5 20. Kg3 Kd7 21. Nb3 a4
22. Nc5+ Kc7 23. Ne6+ Kd7 24. Nxg7 Rh7 25. Nxh5 Rxh5 26. fxg4 Rh7 27. g5 Ng6 28.
Rh1 Ke6 29. Rxc6+ Kf7 30. Rf6+ Ke7 31. Rxf5 Rah8 32. Rf6 Nxh4 33. Kg4 Kd7 34.
Bxb5+ Ke7 35. Rc1 Ng2 36. Rc7+ Kd8 37. Rxh7 Rxh7 38. Rd6+ Kc7 39. g6 Nxe3+ 40.
Kg5 Rh2 41. Bd7 Rg2+ 42. Kf6 Nc4 43. Rxd5 Nxb2 44. g7 Nc4 45. Rc5+ Kxd7 46. Rxc4
Ke8 47. g8=Q+ Rxg8 48. Rc8+ 1-0

[Event "AUTO-INT-1703"]
[Site "http://www.queenalice.com/game.php?id=777702"]
[Date "2010.5.19"]
[Round "1"]
[White "mandacaru"]
[Black "mateusamorim96"]
[Result "0-1"]
[WhiteElo "1610"]
[BlackElo "1662"]

1. e4 c5 2. Bc4 e6 3. f4 d5 4. exd5 exd5 5. Qe2+ Be7 6. Bb5+ Bd7 7. Nc3 Bxb5 8.
Qxb5+ Nd7 9. Nxd5 Qc8 10. Nf3 a6 11. Qa5 Bd8 12. Qc3 Bf6 13. Qe3+ Ne7 14. Nxf6+
Nxf6 15. O-O Qc7 16. b3 O-O 17. a4 Rfe8 18. Ba3 b6 19. g3 Rad8 20. Rad1 h6 21.
h3 Nf5 22. Qf2 Ne4 23. Qg2 Nexg3 24. Rfe1 Qxf4 25. Rxe8+ Rxe8 26. Bc1 Re2 27.
Qxe2 Nxe2+ 28. Kf2 Ned4 29. Kg2 Qxf3+ 30. Kg1 Qxd1+ 0-1

[Event "AUTO-INT-1703"]
[Site "http://www.queenalice.com/game.php?id=777717"]
[Date "2010.5.19"]
[Round "1"]
[White "boogaloo"]
[Black "mandacaru"]
[Result "1-0"]
[WhiteElo "1747"]
[BlackElo "1571"]

1. Nf3 Nc6 2. d4 d5 3. c4 Bg4 4. e3 e5 5. Be2 Bxf3 6. Bxf3 e4 7. Be2 Na5 8. Qa4+
c6 9. Bd2 Nxc4 10. Bxc4 dxc4 11. Qxc4 Qb6 12. Qc2 Nf6 13. Nc3 O-O-O 14. Nxe4
Nxe4 15. Qxe4 Qxb2 16. Qg4+ Rd7 17. Qd1 c5 18. Rc1 Kb8 19. O-O Qxa2 20. Ra1 Qd5
21. Qa4 a6 22. Rfb1 Rd6 23. dxc5 Rd8 24. Qxa6 Bxc5 25. Qa8+ Kc7 26. Qa5+ b6 27.
Qa7+ Qb7 28. Qxb7+ Kxb7 29. Bc3 f6 30. g3 Rd3 31. Bb4 Bxb4 32. Rxb4 Rhd8 33. Kg2
g5 34. Rab1 R8d6 35. Re4 f5 36. Re7+ Kc6 37. Rxh7 b5 38. Rh5 Rg6 39. Rh8 Kc5 40.
Rc8+ Kb6 41. Rb8+ Kc5 42. R8xb5+ Kc4 43. R1b4+ Kc3 44. Rb3+ Kc2 45. Rxd3 Kxd3
46. Rxf5 g4 47. h3 gxh3+ 48. Kxh3 Rh6+ 49. Kg4 Ke4 50. Rf4+ Ke5 51. Kg5 Re6 52.
f3 Kd6 53. Rf6 Kd5 54. Rxe6 Kxe6 55. f4 1-0

[Event "AUTO-INT-1703"]
[Site "http://www.queenalice.com/game.php?id=777718"]
[Date "2010.5.19"]
[Round "1"]
[White "mandacaru"]
[Black "boogaloo"]
[Result "0-1"]
[WhiteElo "1591"]
[BlackElo "1707"]

1. e4 e5 2. Nf3 d5 3. Nxe5 Bd6 4. d4 dxe4 5. a3 Bxe5 6. d5 Nf6 7. Bb5+ c6 8. Ba4
b5 9. Bb3 cxd5 10. Bg5 Be6 11. Qe2 a6 12. f4 Bxb2 13. Ra2 Qa5+ 14. Kf1 Bd4 15.
a4 Bg4 16. axb5 Bxe2+ 17. Kxe2 Qxb5+ 18. Kd1 Ng4 19. Bh4 Bf2 20. Ba4 Ne3+ 21.
Kc1 Qxa4 22. Rxa4 Bxh4 23. Kd2 Nc4+ 24. Ke2 Nc6 25. c3 a5 26. Rd1 Rd8 27. Ra2
Ke7 28. g3 Bf6 29. g4 g6 30. g5 Bg7 31. h4 Rd7 32. h5 Rb8 33. Na3 Bxc3 34. Nxc4
dxc4 35. Rxd7+ Kxd7 36. Rc2 Rb2 0-1

[Event "AUTO-INT-1703"]
[Site "http://www.queenalice.com/game.php?id=777727"]
[Date "2010.5.19"]
[Round "1"]
[White "ShadowChees"]
[Black "mandacaru"]
[Result "1-0"]
[WhiteElo "1450"]
[BlackElo "1552"]

1. d4 d5 2. c4 dxc4 3. Nc3 e6 4. e4 Bb4 5. Bxc4 e5 6. Qa4+ Nc6 7. d5 Bxc3+ 8.
bxc3 Nf6 9. dxc6 b6 10. Qc2 Qd6 11. Qe2 a6 12. Bd2 Qxc6 13. Nf3 Bg4 14. Bxa6
Bxf3 15. gxf3 O-O 16. Bb5 Qc5 17. O-O Rfd8 18. Bg5 c6 19. Bxf6 gxf6 20. Bd3 Qxc3
21. Rfd1 c5 22. Rac1 Qa3 23. f4 Rxd3 24. Qxd3 Qxa2 25. Ra1 c4 26. Qd8+ Rxd8 27.
Rxd8+ Kg7 28. Rxa2 exf4 29. Rc2 h5 30. Rxc4 Kg6 31. Rb8 h4 32. Rxb6 Kg5 33. Rc5+
Kg4 34. Rxf6 1-0

[Event "AUTO-INT-1703"]
[Site "http://www.queenalice.com/game.php?id=777728"]
[Date "2010.5.19"]
[Round "1"]
[White "mandacaru"]
[Black "ShadowChees"]
[Result "0-1"]
[WhiteElo "1532"]
[BlackElo "1506"]

1. e4 c5 2. Bc4 d6 3. Qf3 Nf6 4. Nc3 Nc6 5. Bb5 Bd7 6. Bc4 Ne5 7. Qe2 Nxc4 8.
Qxc4 b5 9. Nxb5 Nxe4 10. Qxe4 Bxb5 11. c4 Bd7 12. d4 cxd4 13. Nf3 e5 14. O-O Be7
15. b4 O-O 16. a4 Rc8 17. Nd2 Be6 18. Qd3 Qc7 19. Ba3 Bxc4 20. Nxc4 Qxc4 21.
Qxc4 Rxc4 22. Rfe1 d3 23. Ra2 Rc2 24. Rxc2 dxc2 25. a5 f6 26. Re3 Rc8 27. Bc1 f5
28. f3 Bg5 29. Re1 Bxc1 30. Rxc1 d5 31. Kf2 d4 32. Ke2 e4 33. fxe4 fxe4 34. b5
Kf7 35. b6 axb6 36. axb6 d3+ 37. Ke3 Ke6 38. Kxe4 d2 39. b7 Rc4+ 40. Kd3 d1=Q+
41. Kxc4 Qd5+ 42. Kc3 Qxb7 43. Re1+ Kf5 44. Rf1+ Kg4 45. Kxc2 Qxg2+ 0-1

[Event "AUTO-ADV-1767"]
[Site "http://www.queenalice.com/game.php?id=777975"]
[Date "2010.5.19"]
[Round "1"]
[White "braseiko"]
[Black "mandacaru"]
[Result "1-0"]
[WhiteElo "1871"]
[BlackElo "1616"]

1. d4 d5 2. Nf3 f6 3. c4 dxc4 4. e4 b5 5. Nc3 Bg4 6. Nxb5 c6 7. Nc3 e5 8. dxe5
Qxd1+ 9. Nxd1 Bxf3 10. gxf3 Bb4+ 11. Nc3 Bxc3+ 12. bxc3 Nd7 13. exf6 Ngxf6 14.
Bxc4 Ne5 15. Bb3 Nxf3+ 16. Ke2 Ne5 17. Bf4 Nfg4 18. Bxe5 Nxe5 19. Rhg1 g6 20.
Rg5 Nd7 21. Rd1 Nc5 22. Rxc5 Rc8 23. Rd6 Rg8 24. Bxg8 h5 25. Rxg6 1-0

[Event "AUTO-ADV-1767"]
[Site "http://www.queenalice.com/game.php?id=777976"]
[Date "2010.5.19"]
[Round "1"]
[White "mandacaru"]
[Black "braseiko"]
[Result "0-1"]
[WhiteElo "1596"]
[BlackElo "1877"]

1. e4 e5 2. Nf3 Nc6 3. Bb5 a6 4. Bxc6 dxc6 5. Nxe5 Qd4 6. Qf3 Qxe5 7. d3 Nf6 8.
O-O Bd6 9. Bf4 Qxf4 10. Qxf4 Bxf4 11. g3 Be5 12. f4 Bxb2 13. e5 Nd5 14. c4 Ne3
15. Re1 Nc2 16. Re2 Bd4+ 17. Kh1 Nxa1 18. Kg2 c5 19. Kf1 h5 20. Kg2 b6 21. Na3
Bb7+ 22. Kf1 h4 23. g4 h3 24. f5 Rh4 25. g5 Rf4+ 26. Ke1 Rxf5 27. Nc2 Nxc2+ 28.
Rxc2 Rxe5+ 29. Re2 Rxe2+ 0-1

[Event "AUTO-ADV-1767"]
[Site "http://www.queenalice.com/game.php?id=777991"]
[Date "2010.5.19"]
[Round "1"]
[White "Guilherme_Ottoni"]
[Black "mandacaru"]
[Result "1-0"]
[WhiteElo "1999"]
[BlackElo "1598"]

1. e4 e5 2. d4 exd4 3. c3 dxc3 4. Bc4 cxb2 5. Bxb2 Nf6 6. Nc3 Bb4 7. Ne2 Nxe4 8.
O-O Qf6 9. Nd5 Qd6 10. Qd4 Nf6 11. Qe3+ Kf8 12. Nxb4 Kg8 13. Bxf6 Qxf6 14. Qe8#
1-0

[Event "AUTO-ADV-1767"]
[Site "http://www.queenalice.com/game.php?id=777992"]
[Date "2010.5.19"]
[Round "1"]
[White "mandacaru"]
[Black "Guilherme_Ottoni"]
[Result "0-1"]
[WhiteElo "1618"]
[BlackElo "1975"]

1. e4 c6 2. d4 d5 3. e5 Bf5 4. Ne2 e6 5. Ng3 Bg6 6. h4 h6 7. h5 Bh7 8. a3 c5 9.
Bb5+ Nd7 10. dxc5 Bxc5 11. Qg4 Kf8 12. Bxd7 Qxd7 13. c3 Ne7 14. b4 Bb6 15. O-O
Nf5 16. Nxf5 Bxf5 17. Qg3 Rc8 18. a4 Bxb1 19. Rxb1 Qxa4 20. Be3 Bxe3 21. fxe3
Qd7 22. e4 dxe4 23. Rfd1 Qc7 24. Ra1 a6 25. Ra5 Rg8 26. Rc5 Qb8 27. Qh4 Re8 28.
Qxe4 g5 29. Rd7 Re7 30. Rxe7 Kxe7 31. b5 Rc8 32. Rxc8 Qxc8 33. c4 axb5 34. cxb5
Qc1+ 35. Kh2 Qf4+ 36. Qxf4 gxf4 37. Kg1 f6 38. exf6+ Kxf6 39. Kf2 e5 40. Kf3 Kf5
41. b6 e4+ 42. Kf2 Kg4 43. Ke2 Kxh5 44. Kf2 Kg4 45. Ke2 h5 46. Kf2 h4 47. Kf1
Kg3 48. Kg1 e3 49. Kf1 e2+ 50. Kxe2 Kxg2 51. Kd3 f3 0-1

[Event "AUTO-ADV-1767"]
[Site "http://www.queenalice.com/game.php?id=778002"]
[Date "2010.5.19"]
[Round "1"]
[White "mandacaru"]
[Black "luiz_gustavo"]
[Result "0-1"]
[WhiteElo "1580"]
[BlackElo "1743"]

1. e4 e5 2. Nf3 Nc6 3. Bb5 a6 4. Bxc6 dxc6 5. Nxe5 Qd4 6. Qh5 Qxe4+ 7. Kf1 Be6
8. d3 Qf5 9. Qxf5 Bxf5 10. g4 Be6 11. f4 f6 12. f5 Bd5 13. Rg1 fxe5 14. Nc3
O-O-O 15. Nxd5 cxd5 16. Bg5 Be7 17. h4 Bxg5 18. hxg5 Ne7 19. Re1 Nc6 20. a4 Nd4
21. Rg2 Rhe8 22. c3 Nf3 23. Re3 Nxg5 24. b4 e4 25. d4 b6 26. Rh2 h6 27. Ke2 Re7
28. Kd2 Nf3+ 29. Ke2 Nxh2 30. Rg3 Nf3 31. Rg2 b5 32. a5 Rd6 33. Ke3 Rf7 34. Ke2
g6 35. Ke3 gxf5 36. gxf5 Nh4 37. Rg8+ Kb7 38. Rg4 Nxf5+ 39. Ke2 Rg7 0-1

[Event "Challenge"]
[Site "http://www.queenalice.com/game.php?id=779324"]
[Date "2010.5.22"]
[Round "-"]
[White "jjjcarvalho"]
[Black "mandacaru"]
[Result "1-0"]
[WhiteElo "1734"]
[BlackElo "1543"]

1. e4 e5 2. Nf3 d6 3. Bc4 c6 4. d3 a5 5. Nc3 b5 6. Nxb5 cxb5 7. Bxb5+ Bd7 8. Bc4
Nf6 9. Bg5 Be7 10. h3 h6 11. Be3 O-O 12. O-O Nc6 13. c3 a4 14. Bb5 Qb8 15. Bxc6
Bxc6 16. b4 axb3 17. axb3 Rxa1 18. Qxa1 Qxb3 19. Rb1 Qc2 20. Ne1 Qe2 21. Rb2 Qh5
22. Qa7 Bd7 23. c4 Qg6 24. Nf3 Bxh3 25. Ne1 Ng4 26. Bc1 Bh4 27. Be3 f5 28. exf5
Qxf5 29. gxh3 Nxe3 30. Qxe3 Bg5 31. Qg3 Bf4 32. Qf3 Bh2+ 33. Kxh2 Qxf3 34. Nxf3
Rxf3 35. Rd2 Kf7 36. Kg2 Rf4 37. f3 g5 38. Kg3 h5 39. Ra2 h4+ 40. Kf2 Ke7 41.
Ra7+ Kd8 42. Rg7 Rd4 43. Ke3 Ke8 44. Rxg5 Kd7 45. Rg4 Rxg4 46. fxg4 Ke7 47. Ke4
Ke6 48. g5 Ke7 49. Kf5 Kf7 50. g6+ Kg7 51. Ke6 Kxg6 52. Kxd6 Kf5 53. c5 Kf4 54.
c6 Kg3 55. c7 Kxh3 56. Kxe5 Kg2 57. c8=Q h3 58. Qg4+ Kh2 59. Kf4 1-0

[Event "Challenge"]
[Site "http://www.queenalice.com/game.php?id=790232"]
[Date "2010.6.15"]
[Round "-"]
[White "rafaelcanuto"]
[Black "mandacaru"]
[Result "0-1"]
[WhiteElo "1405"]
[BlackElo "1515"]

1. e3 e5 2. Qf3 d5 3. Bb5+ c6 4. Ba4 e4 5. Qf4 Bd6 6. Qxd6 Qxd6 7. Ne2 Qg6 8.
O-O Bh3 9. Nf4 Qg4 10. Nxh3 Ne7 11. Nc3 O-O 12. Nf4 Nf5 13. h3 Qg5 14. b4 Nd7
15. d3 Nf6 16. f3 exf3 17. Rxf3 Nh4 18. Rf2 a5 19. Ba3 Nh5 20. bxa5 Rfe8 21.
Ncxd5 Re5 22. Nxh5 Qxh5 23. Ne7+ Kh8 24. d4 Rexa5 25. g4 Qg5 26. Bxc6 Rxa3 27.
Bxb7 Qxe3 28. Bxa8 Rxa8 29. Nd5 Qxd4 30. Rf1 Rxa2 31. Re1 Nf3+ 32. Kf1 Nxe1 33.
Rxf7 Ra8 34. Nc7 Qc4+ 35. Kxe1 Ra1+ 36. Kd2 Qxf7 37. Nb5 Qd5+ 38. Nd4 Qxd4+ 39.
Ke2 Ra3 40. h4 Re3+ 41. Kf2 Qd2+ 42. Kf1 Re1# 0-1

[Event "Challenge"]
[Site "http://www.queenalice.com/game.php?id=804273"]
[Date "2010.7.16"]
[Round "-"]
[White "mandacaru"]
[Black "AuntieRenie"]
[Result "1-0"]
[WhiteElo "1527"]
[BlackElo "1535"]

1. e4 d6 2. d4 Nf6 3. Nc3 g6 4. Bg5 Bg7 5. f4 Bg4 6. Qd3 Bc8 7. e5 dxe5 8. fxe5
Nd5 9. Nxd5 Qxd5 10. Qb5+ Qxb5 11. Bxb5+ c6 12. Bd3 Nd7 13. O-O-O f6 14. exf6
exf6 15. Re1+ Kf7 16. Bc4+ Kf8 17. Bd2 Nb6 18. Bb4+ c5 19. Bxc5# 1-0